| 000 | 00000nas 2200000za 4500 |
| 001 | 9.504154 |
| 003 | CaOODSP |
| 005 | 20230209141856 |
| 007 | cr ||||||||||| |
| 008 | 150406d19992009xxc|| p o||||f| |0fre|d |
| 040 | |aCaOODSP|bfre |
| 043 | |an-cn--- |
| 086 | 1 |aEn161-12F-PDF |
| 110 | 1 |aCanada. |bEnvironnement Canada. |
| 245 | 10|aPlan d'aménagement panlacustre (PAP) du lac Ontario - mise à jour / |c[Co-publié avec] U.S. Environmental Protection Agency. |
| 246 | 1 |iTitre de renvoi : |aMise à jour du Plan de gestion panlacustre du lac Ontario |
| 264 | 1|aBurlington, Ontario : |bEnvironnement Canada |
| 310 | |aAnnuel |
| 362 | 1 |a1999-2009. |
| 775 | 08|tLake Ontario Lakewide Management Plan - update / |w(CaOODSP)9.507775 |